000 00298nam a22001337a 4500
999 _c533902
_d533902
020 _a9693527127
040 _cMSOHAIL
082 _a891.4391
_bAMJ
100 _aAmjad Islam Amjad
_99447
245 _aSahar Asaar
260 _aLahore
_bJahangir Box
_cc2010
300 _a141;pxv
942 _2ddc
_cBK